000
00325nam a22001457a 4500
008
230413b ||||| |||| 00| 0 eng d
020
_a
9780314268099
041
_a
eng
080
_a
34
082
_a
34MAS
100
_a
31
101
_a
JUREDIK
245
_a
TEACHER'S MANUAL TO PROPERTY LAW
_c
MASSEY.C
942
_2
udc
_c
BK
999
_c
59524
_d
59524